Music Quiz

Random Music or Bands Quiz

Bands In Other Words Quiz Stats

 Plays Quiz Updated Oct 13, 2016

Challenge
Share
Tweet
Embed
Score 0/24 Timer 06:00
9 Plays Today
Clue Band % Correct
SpeakingTalking Heads
85.5%
Like a surrender flagWhite Stripes
84.1%
McDonalds:
I'm ______ it
Lovin' Spoonful
81.9%
Betrayer of JesusJudas Priest
77.7%
Jack, Lewis, or SiriusBlack Sabbath
77.2%
Nickname for the southern US statesDixie Chicks
74.3%
CrookedTwisted Sister
72%
Environmentally-consciousGreen Day
72%
Sega hedgehogSonic Youth
67.4%
General populationPublic Enemy
66.9%
Third presidentJefferson Airplane
66.8%
ThankfulGrateful Dead
64.4%
Clue Band % Correct
Type of golf clubIron Maiden
61.8%
Cause for an R ratingSex Pistols
60.1%
'Shhh!'Quiet Riot
58.7%
Hub for video games and skee-ballArcade Fire
56.6%
Not given to self-promotionModest Mouse
51%
Played the first cardLed Zeppelin
49.7%
June's birthstonePearl Jam
45.5%
DesperateDire Straits
40.6%
Like a medium-cooked steakPink Floyd
33.1%
Number of heart chambersFour Seasons
32.4%
Off one's trolleyDaft Punk
30.9%
Type of angel or leopardSnow Patrol
30.1%

You're not logged in!

Compare scores with friends on all Sporcle quizzes.
Join for Free
OR
Log In

You Might Also Like...

Show Comments

Extras

Top Quizzes Today


Score Distribution

Your Account Isn't Verified!

In order to create a playlist on Sporcle, you need to verify the email address you used during registration. Go to your Sporcle Settings to finish the process.

Report this User

Report this user for behavior that violates our Community Guidelines.

Details: